Tottenham Hotspur Champions League Players - Statistics

General Stats
  • This quiz has been taken 206 times
  • The average score is 26 of 64
Answer Stats
The Lilywhites % Correct
Harry Kane
96%
Heung-min Son
96%
Hugo Lloris
93%
Jan Vertonghen
82%
Kyle Walker
78%
Lucas Moura
78%
Dele Alli
77%
Danny Rose
76%
Toby Alderweireld
76%
Christian Eriksen
73%
Gareth Bale
73%
Mousa Dembélé
68%
Eric Dier
67%
Kieran Trippier
67%
Harry Winks
65%
Ben Davies
63%
Luka Modrić
63%
Moussa Sissoko
59%
Davinson Sánchez
58%
Fernando Llorente
56%
Èrik Lamela
55%
Jermain Defoe
53%
Peter Crouch
53%
Aaron Lennon
49%
Tanguy Ndombele
49%
Victor Wanyama
49%
Oliver Skipp
44%
Giovani Lo Celso
41%
Serge Aurier
41%
Michel Vorm
40%
Ledley King
39%
Robbie Keane
38%
Rafael van der Vaart
37%
Vincent Janssen
37%
Heurelho Gomes
36%
Benoît Assou-Ekotto
31%
Paulo Gazzaniga
31%
William Gallas
29%
Kyle Walker-Peters
28%
Michael Dawson
28%
Ryan Sessegnon
27%
Tom Huddlestone
27%
Jermaine Jenas
26%
Roman Pavlyuchenko
24%
Younès Kaboul
24%
Vedran Ćorluka
23%
Juan Foyth
22%
Sandro
22%
Steven Bergwijn
20%
Georges-Kévin N'Koudou
19%
Kevin Wimmer
18%
Niko Kranjčar
17%
Japhet Tanganga
16%
Wilson Palacios
16%
Jonathan Woodgate
13%
Sébastien Bassong
12%
Alan Hutton
11%
Carlo Cudicini
10%
Gedson Fernandes
8%
Steven Pienaar
8%
Joshua Onomah
4%
Kazaiah Sterling
3%
Malachi Fagan-Walcott
2%
Anthony Georgiou
1%
No matching quizzes found
Score Distribution
Percent of People with Each Score
Percentile by Number Answered
Your Score History
You have not taken this quiz